000 00360nam a2200145Ia 4500
008 230917s9999||||xx |||||||||||||| ||und||
040 _e39414
_aMAIN
041 _aEnglish
082 _a658.8 A13I
100 _aAmarchand, D
245 0 _aIntroduction to marketing
260 _aNew Delhi
_bVikas Publishing House
_c1979
300 _axi, 298 p.
942 _cBK
999 _c73691
_d73691